Štatutárny audit ako sprievodná povinnosť individuálnej účtovnej závierky obcí

Štatutárny audit je dôležitým nástrojom na overovanie individuálnej účtovnej závierky. V nasledujúcom príspevku sa venujeme povinnostiam, dodržiavanie ktorých overuje audítor pri výkone auditu individuálnej účtovnej závierky obce.

Gespeichert in:
Bibliographische Detailangaben
1. Verfasser: Majorová, Miriam
Format: Buchkapitel
Sprache:Slowakisch
Schlagworte:
Tags: Tag hinzufügen
Keine Tags, Fügen Sie das erste Tag hinzu!

MARC

LEADER 00000naa a2200000 4500
001 0308135
005 20250414105741.9
041 0 |a slo 
044 |a SK 
245 1 0 |a Štatutárny audit ako sprievodná povinnosť individuálnej účtovnej závierky obcí  |c Miriam Majorová 
520 |a Štatutárny audit je dôležitým nástrojom na overovanie individuálnej účtovnej závierky. V nasledujúcom príspevku sa venujeme povinnostiam, dodržiavanie ktorých overuje audítor pri výkone auditu individuálnej účtovnej závierky obce. 
610 2 0 |a závierka účtovná 
610 2 0 |a obce 
610 2 0 |a audit 
610 2 0 |a účtovníctvo 
610 2 0 |a zákony 
100 1 |a Majorová, Miriam